00762nam a22002177a 4500003000500000005001700005008004100022010001000063011001000073035001100083040000900094110007700103245013200180260003900312300003800351650004200389650002500431650002300456650002600479650003900505CHAP20220329143514.0100305s? mx a r 00010 spa d a97685 a98657 a109342 cCHAP2 aGrupo Interdisciplinario de Investigación en Sechium edule en México13aEl chayote :bun cultivo socialmente responsablec/por Grupo Interdisciplinario de Investigación en Sechium edule en México a[México, D.F.] :bGISeM,c[s.a.] a16 p. :bilus., cuadros, gráfs.14aChayotexFisiología y morfología.14aChayotexGenética.14aChayotexMercadeo.14aChayotexRendimiento.14aChayotexTecnología postcosecha.